000 00353nam a2200133Ia 4500
008 240624s9999 xx 000 0 und d
041 _aeng
082 _a331.794 GRE
100 _aGREEN FRANCIS
245 _aSKILLS AND SKILLED WORK AN ECONOMIC AND
260 _c2013
_aNew Delhi
_bOxford India
300 _axi, : 217 : p. : cm. ; 24
365 _cRS
_b31
999 _c23423
_d23423